|
|
|
|
| LEADER |
00000nab a2200000 a 4500 |
| 001 |
vtls000170351 |
| 003 |
SK-MaSNL |
| 005 |
20260302213213.0 |
| 008 |
160215c1983 xo 0 slo |
| 015 |
|
|
|a SNBRB19rr/mm-uuuuu
|
| 035 |
|
|
|a CL0180462
|
| 040 |
|
|
|a SNKBUCL
|b slo
|c SNKBUCL
|e AACR2
|
| 041 |
0 |
|
|a slo
|
| 044 |
|
|
|a xo
|c SK
|
| 080 |
|
|
|a 76
|2 1981
|
| 080 |
|
|
|a 929 Tropp, Stanislav
|2 1981
|
| 100 |
1 |
|
|a Maťková, Marta
|4 aut
|9 938830
|
| 245 |
1 |
0 |
|a Stretnutie s grafikom
|c Marta Maťková
|
| 300 |
|
|
|b Obr. 1.
|
| 600 |
1 |
7 |
|a Tropp, Stanislav,
|d 1950-2002
|2 snkbucl
|9 208166
|
| 655 |
|
7 |
|a články z novín a časopisov
|2 snkbucl
|9 267496
|
| 773 |
0 |
|
|t Smer
|g Roč. 35, č. 285 (2. 12. 1983), s. 7
|
| 850 |
|
|
|a Slovenská národná knižnica v Martine
|a MTA001
|
| 852 |
|
|
|a SNK
|b KIS3GCP
|
| 958 |
|
|
|a BX
|
| 958 |
|
|
|a RK
|
| 992 |
|
|
|a RBX
|
| 999 |
|
|
|c 1492613
|d 1494543
|